000 00320nam a2200133Ia 4500
008 190216s9999||||xx |||||||||||||| ||und||
100 _aDudley Dillard
245 0 _aEconomics Of John Maynard Keynes
250 _a3rd Ed.
260 _bVikas Publishing House
_c1977
300 _a364
650 _aEconomics
942 _cBK
999 _c9587
_d9587